00480nam a2200157Ia 4500008004000000082001300040100002300053245003000076260002800106300000800134650001300142690001300155906001100168999001700179952012600196210210b1978 xxu||||| |||| 00| 0 eng d a514 MUNT aMUNKRES (James R). aTopology: a first course. aNDbPrentice Hallc1978 a413 aTopology aTopology a034616 c85435d85435 001040708MathematicsaALbALcMathematicsd2021-02-17g24.00l0o514 MUNTp034616r2021-02-17 00:00:00w2021-02-17yBK